Sobre el fenómeno de la agnórisis y su implicancia metafísico-gnoseológica en el pensar griego /
Guardado en:
| Autor Principal: | |
|---|---|
| Formato: | Libro |
| Publicado: |
Bahía Blanca :
Instituto Superior Juan Xxiii,
1983
|
| Series: | Cuadernos del Instituto Superior Juan Xxiii; No. 5
|
| Materias: | |
| Etiquetas: |
Agregar Etiqueta
Sin Etiquetas, Sea el primero en etiquetar este registro!
|
| LEADER | 00633nam a22001815a 4500 | ||
|---|---|---|---|
| 001 | CEM.cems009676 | ||
| 005 | 20080723095559.0 | ||
| 008 | 130507s1983##################000#0#####d | ||
| 003 | CEMS | ||
| 082 | 0 | 4 | |a 182 |
| 100 | 1 | |a Iriarte, Raúl R. | |
| 245 | 1 | 0 | |a Sobre el fenómeno de la agnórisis y su implicancia metafísico-gnoseológica en el pensar griego / |c Raúl R. Iriarte |
| 260 | |a Bahía Blanca : |b Instituto Superior Juan Xxiii, |c 1983 | ||
| 300 | |a 23 p. | ||
| 490 | 0 | |a Cuadernos del Instituto Superior Juan Xxiii; No. 5 | |
| 653 | |a Filosofía | ||
| 653 | |a Filosofía griega | ||
| 859 | |a CEMS |b BIB. CEMS - 11 de abril |h 182 |i Ir4 |p 14760.87 |t Ej.1 | ||
